Top 25 National Universities in the US - Statistics

General Stats
  • This quiz has been taken 29 times
  • The average score is 17 of 28
Answer Stats
Hint Answer % Correct
#3 (tie) Harvard University
100%
#1 Princeton University
95%
#3 (tie) Yale University
95%
#3 (tie) Stanford University
91%
#20 (tie) University of California, Los Angeles
91%
#7 (tie) University of Pennsylvania
91%
#2 Massachusetts Institute of Technology
86%
#13 (tie) Brown University
82%
#18 (tie) Columbia University
82%
#17 Cornell University
82%
#12 Dartmouth College
77%
#25 (tie) University of Michigan, Ann Arbor
77%
#10 (tie) Duke University
73%
#25 (tie) University of Southern California
73%
#10 (tie) Northwestern University
68%
#18 (tie) University of Notre Dame
55%
#25 (tie) University of Virginia
55%
#22 (tie) Georgetown University
50%
#7 (tie) Johns Hopkins University
45%
#15 (tie) Rice University
45%
#6 University of Chicago
45%
#13 (tie) Vanderbilt University
45%
#22 (tie) Emory University
41%
#25 (tie) New York University
41%
#9 California Institute of Technology
27%
#20 (tie) University of California, Berkley
18%
#15 (tie) Washington University in St. Louis
9%
#22 (tie) Carnegie Melon University
5%
No matching quizzes found
Score Distribution
Percent of People with Each Score
Percentile by Number Answered
Your Score History
You have not taken this quiz